000 00486nam a22001817a 4500
005 20251108164756.0
008 250721s1995 xx 000 0 ara d
082 1 4 _a616.07/صال
100 1 _aهويدي، صالح
245 1 0 _aمقدمة في الحرب و الصحة /
264 1 _aبيروت :
_bدار ميرزا،
_c1995.
300 _a261ص
650 1 7 _aالأمراض
650 1 7 _aالحرب
650 1 7 _aأضرار الحرب
942 _2ddc
_cBK
999 _c14058
_d14058